Tennis Grand Slams 2016 - Statistics

General Stats
  • This quiz has been taken 271 times
  • The average score is 10 of 20
Answer Stats
Player % Correct
Novak Djokovic
97%
Roger Federer
96%
Andy Murray
95%
Stanislas Wawrinka
94%
Milos Raonic
77%
Serena Williams
75%
Venus Williams
72%
Kei Nishikori
62%
Angelique Kerber
58%
Garbiñe Muguruza
53%
Dominic Thiem
47%
Gael Monfils
46%
Tomas Berdych
46%
Karolína Plíšková
37%
Caroline Wozniacki
30%
Agnieszka Radwańska
22%
Johanna Konta
13%
Samantha Stosur
10%
Elena Vesnina
6%
Kiki Bertens
5%
No matching quizzes found
Score Distribution
Percent of People with Each Score
Percentile by Number Answered
Your Score History
You have not taken this quiz